Las Hurdes, leyenda y verdad / (Record no. 145907)

MARC details
000 -LEADER
campo de control de longitud fija 00576nam a2200169 i 4500
001 - NÚMERO DE CONTROL
campo de control 145907
003 - IDENTIFICADOR DE NÚMERO DE CONTROL
campo de control ES-MaACL
005 - FECHA Y HORA DE LA ÚLTIMA TRANSACCIÓN
campo de control 20230906201343.0
007 - CAMPO FIJO DE DESCRIPCIÓN FÍSICA--INFORMACIÓN GENERAL
campo de control de longitud fija t|
008 - DATOS DE LONGITUD FIJA--INFORMACIÓN GENERAL
campo de control de longitud fija 071017s1964 sp ||||1| spa d
100 1# - ENTRADA PRINCIPAL--NOMBRE DE PERSONA
Nombre de persona Vega, Leandro de la.
9 (RLIN) 113562
245 14 - MENCIÓN DEL TÍTULO
Título Las Hurdes, leyenda y verdad /
Mención de responsabilidad, etc. Leandro de la Vega.
260 ## - PUBLICACIÓN, DISTRIBUCIÓN, ETC.
Lugar de publicación, distribución, etc. Madrid :
Nombre del editor, distribuidor, etc. [Servicio Informativo Español],
Fecha de publicación, distribución, etc. 1964.
300 ## - DESCRIPCIÓN FÍSICA
Extensión 97 p., 20 lám., 2 mapas ;
Dimensiones 21 cm.
710 1# - ENTRADA AGREGADA--NOMBRE DE ENTIDAD CORPORATIVA
Nombre de entidad corporativa o nombre de jurisdicción como elemento de entrada España.
Unidad subordinada Ministerio de Información y Turismo.
-- Servicio Informativo Español.
9 (RLIN) 3888
852 ## - LOCALIZACIÓN
Ubicación ES-MaACL
Número de control de estantería C-49919
Sublocalización o colección R.68600
Holdings
Estatus retirado Estado de pérdida Estado de daño No para préstamo Biblioteca de origen Biblioteca actual Ubicación en estantería Fecha de adquisición Fuente de adquisición Total de préstamos Signatura topográfica completa Código de barras Visto por última vez Precio de reemplazo Tipo de ítem Koha
        Biblioteca del Ateneo de Madrid Biblioteca del Ateneo de Madrid Depósito 2 17/01/2008     C-49919 1152298 23/02/2023 23/02/2023 Libro impreso